Logo BPK

Biblioteka

Politechniki Koszalińskiej

Praca turbin parowych w zmienionych warunkach / (Rekord nr 5396)

Szczegóły MARC
000 -ETYKIETA REKORDU
podpole kontrolne o stałej długości 00364nam a2200145 i 4500
001 - NUMER KONTROLNY REKORDU
pole kontrolne bg
040 ## - ŹRÓDŁO KATALOGOWANIA
Instytucja, która utworzyła rekord BPK
041 ## - KOD JĘZYKA
Kod języka tekstu pol
008 - POLE O STAŁEJ DŁUGOŚCI - DANE KONTROLNE
podpole kontrolne o stałej długości s pl f |000 0 pol
100 1# - NAZWA OSOBOWA
Nazwa osobowa MILLER, A.
245 #0 - TYTUŁ/ODPOWIEDZIALNOŚĆ
Tytuł Praca turbin parowych w zmienionych warunkach /
Pozostałe elementy strefy tytułu i oznaczenia odpowiedzialności A. Miller, J. Lewandowski.
260 ## - STREFA ADRESU WYDAWNICZEGO
Miejsce wydania Warszawa,
Data publikacji, dystrybucji/powstania dokumentu 1992.
700 1# - HASŁO DODATKOWE - NAZWA OSOBOWA
Nazwa osobowa LEWANDOWSKI, J.
856 ## - LOKALIZACJA I DOSTĘP DO ELEKTRONICZNYCH DOKUMENTÓW ZDALNYCH
Link (URL) http://koha.tu.koszalin.pl/cgi-bin/koha/opac-detail.pl?biblionumber=5396
Tekst linku Katalog online BPK
942 ## - DODATKOWE ELEMENTY (KOHA)
Typ dokumentu Książka
Egzemplarze
Wycofany Status egzemplarza Uszkodzony Dostępność Lokalizacja stała Lokalizacja bieżąca Miejsce przechowywania Sygnatura Kod kreskowy Ostatnio wypożyczono Typ dokumentu
      Dostępny Biblioteka Politechniki Koszalińskiej Biblioteka Politechniki Koszalińskiej Wypożyczalnia BG P 44438 02020143 25.05.2018 Książka
© 2023 Biblioteka Politechniki Koszalińskiej :: KOHA